[Event "IECC CL1-2012.01 email"]
[Site "IECC email"]
[Date "2012.11.20"]
[Round "?"]
[White "Kasznia, Ireneusz"]
[Black "Cehajic, Mustafa"]
[Result "1/2-1/2"]
[WhiteElo "2014"]
[BlackElo "2208"]
[PlyCount "123"]
[EventDate "2012.??.??"]
[EventType "tourn (corr)"]
[EventRounds "4"]
[SourceTitle "Telechess CBM 165"]
[Source "ChessBase"]
[SourceDate "2015.03.11"]
[SourceVersion "1"]
[SourceVersionDate "2015.03.11"]
[SourceQuality "1"]
[WhiteTeam "Poland"]
[BlackTeam "BOS"]
[WhiteTeamCountry "POL"]

1. c4 Nf6 2. Nc3 e5 3. Nf3 Nc6 4. g3 Bb4 5. Bg2 0-0 6. 0-0 d6 7. d3 h6 8. a3 Bxc3 9. bxc3 Rb8 10. Re1 Be6 11. Rb1 Qd7 12. Qc2 a6 13. a4 Rfe8 14. Nd2 Bh3 15. Ne4 Nh7 16. Bh1 f5 17. Nd2 b6 18. Rd1 Kh8 19. Nf3 Nf6 20. Nh4 g5 21. Ng2 f4 22. Ne1 Rf8 23. Nf3 e4 24. Nd4 Nxd4 25. cxd4 e3 26. f3 g4 27. Qc3 Qg7 28. Qe1 gxf3 29. Bxf3 Bd7 30. Bb2 Rg8 31. d5 fxg3 32. Kh1 g2+ 33. Kg1 Bxa4 34. Qh4 Rbf8 35. Re1 Be8 36. Bd4 Kh7 37. Bxe3 Nd7 38. Bd4 Ne5 39. Qe4+ Kh8 40. Bxe5 dxe5 41. Qe3 Qf6 42. Ra1 a5 43. c5 Rg5 44. cxb6 cxb6 45. Rac1 a4 46. Rc7 b5 47. Rb7 a3 48. Rc1 Kg8 49. Rb6 Qg7 50. Ra6 b4 51. d6 Qd7 52. d4 Qe6 53. dxe5 Bh5 54. Ra7 Rxe5 55. Qd3 Ref5 56. Kxg2 Rg5+ 57. Kf2 Rg6 58. Rg1 Rxf3+ 59. exf3 Qa2+ 60. Ke3 Qe6+ 61. Kf2 Qa2+ 62. Ke3 1/2-1/2

[Event "IECC CL1-2007.01 email"]
[Site "IECC email"]
[Date "2007.03.03"]
[Round "?"]
[White "Cehajic, Mustafa"]
[Black "Vujadinovic, Milan"]
[Result "1/2-1/2"]
[WhiteElo "2242"]
[BlackElo "2209"]
[PlyCount "42"]
[EventDate "2007.??.??"]
[EventType "tourn (corr)"]
[EventRounds "4"]
[SourceTitle "Corr 2008"]
[Source "ChessBase"]
[SourceDate "2008.06.24"]
[SourceVersion "1"]
[SourceVersionDate "2008.06.24"]
[SourceQuality "1"]
[WhiteTeam "BOS"]
[BlackTeam "SCG"]

1. e4 e5 2. Nf3 Nc6 3. Bb5 a6 4. Bxc6 dxc6 5. 0-0 Qf6 6. d4 exd4 7. Bg5 Qd6 8. Qxd4 Bg4 9. Qe3 Qc5 10. Qxc5 Bxc5 11. Ne5 Be6 12. Nd3 Bd4 13. Re1 f6 14. Be3 Bxe3 15. Rxe3 0-0-0 16. Nc3 Ne7 17. b3 b6 18. Rae1 Rhe8 19. Nf4 Bf7 20. Rh3 h6 21. Nd3 c5 1/2-1/2

[Event "IECC CL1-2007.01 email"]
[Site "IECC email"]
[Date "2007.03.03"]
[Round "?"]
[White "Mayer, Eduardo"]
[Black "Cehajic, Mustafa"]
[Result "1-0"]
[WhiteElo "2341"]
[BlackElo "2250"]
[PlyCount "49"]
[EventDate "2007.??.??"]
[EventType "tourn (corr)"]
[EventRounds "4"]
[SourceTitle "Corr 2008"]
[Source "ChessBase"]
[SourceDate "2008.06.24"]
[SourceVersion "1"]
[SourceVersionDate "2008.06.24"]
[SourceQuality "1"]
[WhiteTeam "Chile"]
[BlackTeam "BOS"]
[WhiteTeamCountry "CHI"]

1. d4 Nf6 2. c4 e6 3. Nc3 c5 4. d5 d6 5. e4 Be7 6. Bd3 0-0 7. f4 exd5 8. cxd5 Bg4 9. Nf3 Qb6 10. h3 Bxf3 11. Qxf3 Nbd7 12. g4 Rfc8 13. g5 Ne8 14. b3 a6 15. h4 Nc7 16. Qh3 Rd8 17. h5 Nb5 18. Bb2 Qa5 19. Rc1 Nxc3 20. Bxc3 Qc7 21. e5 dxe5 22. Bxh7+ Kxh7 23. g6+ Kh6 24. Qf5 Qd6 25. fxe5 1-0

[Event "IECC CL1-2006.07 email"]
[Site "IECC email"]
[Date "2006.09.22"]
[Round "?"]
[White "Adams, Mark"]
[Black "Cehajic, Mustafa"]
[Result "1-0"]
[WhiteElo "2193"]
[BlackElo "2262"]
[PlyCount "43"]
[EventDate "2006.??.??"]
[EventType "tourn (corr)"]
[EventRounds "4"]
[SourceTitle "Corr 2015"]
[Source "ChessBase"]
[SourceDate "2015.07.17"]
[SourceVersion "1"]
[SourceVersionDate "2015.07.17"]
[SourceQuality "1"]
[WhiteTeam "Wales"]
[BlackTeam "BOS"]
[WhiteTeamCountry "WLS"]

1. e4 c5 2. Nf3 d6 3. d4 cxd4 4. Nxd4 Nf6 5. Nc3 e6 6. Be2 Be7 7. 0-0 a6 8. f4 0-0 9. Be3 Qc7 10. g4 b5 11. g5 Nfd7 12. Bd3 b4 13. Nce2 Nc5 14. Ng3 Bb7 15. Qh5 Nc6 16. f5 exf5 17. Ngxf5 Ne5 18. Rf4 Ng6 19. Rf3 Bxg5 20. Bxg5 Nxe4 21. Bxe4 Bxe4 22. Rh3 1-0

[Event "IECC CL1-2006.07 email"]
[Site "IECC email"]
[Date "2006.09.22"]
[Round "?"]
[White "Cehajic, Mustafa"]
[Black "Vroom, Gerard"]
[Result "1-0"]
[WhiteElo "2248"]
[BlackElo "2194"]
[PlyCount "121"]
[EventDate "2006.??.??"]
[EventType "tourn (corr)"]
[EventRounds "4"]
[SourceTitle "Corr 2015"]
[Source "ChessBase"]
[SourceDate "2015.07.17"]
[SourceVersion "1"]
[SourceVersionDate "2015.07.17"]
[SourceQuality "1"]
[WhiteTeam "BOS"]
[BlackTeam "Netherlands"]
[BlackTeamCountry "NED"]

1. e4 c5 2. Nf3 d6 3. d4 cxd4 4. Nxd4 Nf6 5. Nc3 a6 6. Be2 e6 7. 0-0 Be7 8. Qd3 0-0 9. Qg3 Kh8 10. Be3 Nc6 11. Rad1 Qa5 12. f4 Qb4 13. e5 dxe5 14. fxe5 Nd7 15. Nxc6 bxc6 16. Bf3 Qxb2 17. Bxc6 Qxc3 18. Bxa8 a5 19. Bb7 Nxe5 20. Bxc8 Rxc8 21. Bd4 Qxg3 22. hxg3 f6 23. Bxe5 fxe5 24. Rd7 Bf6 25. c4 h5 26. Rc1 Bg5 27. Re1 Rc5 28. Re4 Kh7 29. Rb7 Kg6 30. Rb5 Kf5 31. Rxc5 Kxe4 32. Rxa5 Kd4 33. c5 Bd2 34. Rb5 Kd5 35. c6+ Kxc6 36. Rxe5 Bc3 37. Rxh5 Bf6 38. Kf2 Bb2 39. Ke3 Bf6 40. Ke4 Bc3 41. g4 Bf6 42. a4 Bc3 43. a5 Kb7 44. Re5 Ka6 45. Rxe6+ Kxa5 46. Kf5 Kb4 47. Kg6 Kc5 48. Re7 Kd6 49. Rxg7 Ke5 50. Rf7 Bb2 51. g5 Ke6 52. g4 Ba3 53. Rf5 Bc1 54. Kh7 Be3 55. g6 Bd4 56. g7 Bxg7 57. Kxg7 Ke7 58. g5 Ke6 59. Rf1 Ke5 60. g6 Ke4 61. Kh8 1-0

[Event "IECC CL1-2006.02 email"]
[Site "IECC email"]
[Date "2006.02.24"]
[Round "?"]
[White "Cehajic, Mustafa"]
[Black "Le Duigou, Jean Guy"]
[Result "1/2-1/2"]
[WhiteElo "2284"]
[BlackElo "2259"]
[PlyCount "75"]
[EventDate "2006.??.??"]
[EventType "tourn (corr)"]
[EventRounds "4"]
[SourceTitle "Corr 2008"]
[Source "ChessBase"]
[SourceDate "2008.06.24"]
[SourceVersion "1"]
[SourceVersionDate "2008.06.24"]
[SourceQuality "1"]

1. d4 Nf6 2. c4 e6 3. Nf3 b6 4. Nc3 Bb7 5. e3 Bb4 6. Bd2 0-0 7. Bd3 d5 8. cxd5 exd5 9. 0-0 Bd6 10. Qc2 c5 11. dxc5 bxc5 12. Ng5 h6 13. Nh7 c4 14. Bf5 Nxh7 15. Bxh7+ Kh8 16. Bf5 Be5 17. Ne2 Qd6 18. f4 Bf6 19. Bc3 Re8 20. Qd2 Nc6 21. Rad1 Rad8 22. Rfe1 Kg8 23. Bb1 Bc8 24. Qc2 g6 25. Bxf6 Qxf6 26. Nc3 Bf5 27. Qa4 Bxb1 28. Rxb1 d4 29. exd4 Qxd4+ 30. Kh1 Rxe1+ 31. Rxe1 Qc5 32. h3 Kg7 33. Re2 Rd3 34. Qa6 Nb4 35. Qa4 Rd4 36. g3 Nd5 37. Ne4 Qb6 38. Nf2 1/2-1/2

[Event "IECC CL1-2005.15 email"]
[Site "IECC email"]
[Date "2005.10.27"]
[Round "?"]
[White "Cehajic, Mustafa"]
[Black "Catozzi, Mauro"]
[Result "1/2-1/2"]
[WhiteElo "2314"]
[BlackElo "2142"]
[PlyCount "79"]
[EventDate "2005.??.??"]
[EventType "tourn (corr)"]
[EventRounds "4"]
[SourceTitle "Corr 2008"]
[Source "ChessBase"]
[SourceDate "2008.06.24"]
[SourceVersion "1"]
[SourceVersionDate "2008.06.24"]
[SourceQuality "1"]

1. e4 e5 2. Nf3 Nc6 3. Bb5 a6 4. Bxc6 dxc6 5. 0-0 Qd6 6. Na3 Be6 7. Qe2 f6 8. Re1 c5 9. Nc4 Qd7 10. d3 Ne7 11. b3 Nc6 12. Ba3 0-0-0 13. Rac1 g5 14. Rcd1 h5 15. Ne3 Nd4 16. Nxd4 cxd4 17. Bxf8 Rdxf8 18. Nc4 g4 19. Rc1 h4 20. c3 g3 21. cxd4 Qxd4 22. Qe3 gxh2+ 23. Kxh2 Rd8 24. Qxd4 Rxd4 25. Re3 Rg8 26. Rf3 Rg6 27. Rc3 Bg4 28. Re3 Rg7 29. Re1 Kd8 30. Ne3 Be6 31. Rh1 Rgd7 32. Rd1 a5 33. f3 b5 34. Rc6 R7d6 35. Rxd6+ Rxd6 36. Kg1 c5 37. Kf2 b4 38. Rc1 a4 39. Nd5 Bxd5 40. exd5 1/2-1/2

[Event "IECC CL1-2005.15 email"]
[Site "IECC email"]
[Date "2005.10.27"]
[Round "?"]
[White "Petkov, Stamat"]
[Black "Cehajic, Mustafa"]
[Result "1-0"]
[WhiteElo "2252"]
[BlackElo "2303"]
[PlyCount "97"]
[EventDate "2005.??.??"]
[EventType "tourn (corr)"]
[EventRounds "4"]
[SourceTitle "Corr 2008"]
[Source "ChessBase"]
[SourceDate "2008.06.24"]
[SourceVersion "1"]
[SourceVersionDate "2008.06.24"]
[SourceQuality "1"]

1. d4 Nf6 2. c4 e6 3. Nf3 d5 4. e3 Be7 5. Nc3 b6 6. Bd3 Bb7 7. 0-0 dxc4 8. Bxc4 0-0 9. Qe2 c5 10. dxc5 Bxc5 11. e4 Nbd7 12. e5 Nd5 13. Nxd5 exd5 14. Bd3 f6 15. e6 Re8 16. b4 Bxb4 17. Qb2 Nc5 18. Bb5 Ba5 19. Bxe8 Qxe8 20. Bd2 Ba6 21. Rfb1 Bxd2 22. Qxd2 Qxe6 23. Re1 Ne4 24. Qd4 Qf7 25. Rac1 Rf8 26. Qa4 Qb7 27. Re3 Nc5 28. Qd4 Qc6 29. Rce1 Ne4 30. Ra3 Nc5 31. Qd1 Qd7 32. Rae3 Kf7 33. Nd4 g6 34. Qf3 Rc8 35. Qf4 g5 36. Qf3 g4 37. Re7+ Qxe7 38. Rxe7+ Kxe7 39. Qxg4 Ne4 40. Qe6+ Kf8 41. h3 Rc1+ 42. Kh2 Bc8 43. Qxd5 Nd2 44. Qd8+ Kf7 45. Ne2 Nf1+ 46. Kg1 Re1 47. Qc7+ Kg6 48. Nf4+ Kh6 49. f3 1-0

[Event "IECC CL1-2005.13 email"]
[Site "IECC email"]
[Date "2005.09.21"]
[Round "?"]
[White "Cehajic, Mustafa"]
[Black "Phillips, Gordon"]
[Result "1/2-1/2"]
[WhiteElo "2310"]
[BlackElo "2083"]
[PlyCount "71"]
[EventDate "2005.??.??"]
[EventType "tourn (corr)"]
[EventRounds "4"]
[SourceTitle "Corr 2008"]
[Source "ChessBase"]
[SourceDate "2008.06.24"]
[SourceVersion "1"]
[SourceVersionDate "2008.06.24"]
[SourceQuality "1"]

1. e4 c5 2. Nf3 Nc6 3. Bb5 d6 4. 0-0 Nf6 5. e5 Nd7 6. exd6 exd6 7. d4 Be7 8. d5 Ncb8 9. Nc3 0-0 10. Re1 a6 11. Bd3 Nf6 12. Qe2 Re8 13. Ne4 Nbd7 14. Bg5 Kf8 15. Nxf6 Nxf6 16. c4 Bd7 17. Qd2 b5 18. b3 Kg8 19. h3 h6 20. Bf4 Rb8 21. Re2 bxc4 22. bxc4 Bf8 23. Rxe8 Nxe8 24. Re1 Qf6 25. Re2 g5 26. Be3 Bg7 27. Qd1 g4 28. hxg4 Bxg4 29. Re1 h5 30. Be2 Qc3 31. Bd2 Qb2 32. a4 Nf6 33. Bd3 Nd7 34. Be2 Bc3 35. Bxc3 Qxc3 36. Nd2 1/2-1/2

[Event "IECC CL1-2005.12 email"]
[Site "IECC email"]
[Date "2005.09.09"]
[Round "?"]
[White "Cehajic, Mustafa"]
[Black "Le Duigou, Jean Guy"]
[Result "1/2-1/2"]
[WhiteElo "2266"]
[BlackElo "2272"]
[PlyCount "51"]
[EventDate "2005.??.??"]
[EventType "tourn (corr)"]
[EventRounds "4"]
[SourceTitle "Corr 2008"]
[Source "ChessBase"]
[SourceDate "2008.06.24"]
[SourceVersion "1"]
[SourceVersionDate "2008.06.24"]
[SourceQuality "1"]

1. e4 e6 2. d4 d5 3. Nc3 Nf6 4. Bg5 dxe4 5. Nxe4 Be7 6. Nxf6+ Bxf6 7. Bxf6 Qxf6 8. Bd3 c5 9. c3 cxd4 10. cxd4 Nc6 11. Nf3 0-0 12. 0-0 Rd8 13. Qc2 g6 14. Rfd1 Nxd4 15. Nxd4 Rxd4 16. Be2 e5 17. Qc7 Bf5 18. Qxb7 Be4 19. Qc7 Qg5 20. Bf1 Qd8 21. Rdc1 Qxc7 22. Rxc7 Bd5 23. b3 a5 24. Bb5 Kg7 25. Kf1 h5 26. Rc5 1/2-1/2

[Event "IECC CL1-2005.12 email"]
[Site "IECC email"]
[Date "2005.09.09"]
[Round "?"]
[White "Mayer, Cristian"]
[Black "Cehajic, Mustafa"]
[Result "0-1"]
[WhiteElo "2273"]
[BlackElo "2256"]
[PlyCount "54"]
[EventDate "2005.??.??"]
[EventType "tourn (corr)"]
[EventRounds "4"]
[SourceTitle "Corr 2008"]
[Source "ChessBase"]
[SourceDate "2008.06.24"]
[SourceVersion "1"]
[SourceVersionDate "2008.06.24"]
[SourceQuality "1"]

1. e4 e5 2. f4 exf4 3. Nf3 g5 4. h4 g4 5. Ne5 Nf6 6. Bc4 Qe7 7. d4 Bg7 8. Bxf7+ Kf8 9. 0-0 d6 10. Bb3 dxe5 11. dxe5 Nh5 12. Bxf4 Nxf4 13. Rxf4+ Ke8 14. Bf7+ Qxf7 15. Rxf7 Kxf7 16. Qd5+ Be6 17. Qxb7 Nd7 18. Nc3 Bxe5 19. Rf1+ Kg7 20. Qc6 Rhe8 21. Nd5 Kh8 22. c3 Rad8 23. b4 g3 24. a4 Bxd5 25. exd5 Nb6 26. d6 cxd6 27. Rf7 Rc8 0-1

[Event "IECC CL1-2005.10 email"]
[Site "IECC email"]
[Date "2005.07.30"]
[Round "?"]
[White "Cehajic, Mustafa"]
[Black "Mayer, Cristian"]
[Result "1/2-1/2"]
[WhiteElo "2280"]
[BlackElo "2261"]
[PlyCount "69"]
[EventDate "2005.??.??"]
[EventType "tourn (corr)"]
[EventRounds "4"]
[SourceTitle "Corr 2015"]
[Source "ChessBase"]
[SourceDate "2015.07.17"]
[SourceVersion "1"]
[SourceVersionDate "2015.07.17"]
[SourceQuality "1"]

1. e4 c5 2. Nf3 d6 3. d4 cxd4 4. Nxd4 Nf6 5. Nc3 a6 6. Bg5 e6 7. f4 Be7 8. Qf3 h6 9. Bh4 g5 10. fxg5 Nfd7 11. Nxe6 fxe6 12. Qh5+ Kf8 13. Bb5 Rh7 14. 0-0+ Kg8 15. g6 Rg7 16. Rf7 Bxh4 17. Qxh6 Rxf7 18. gxf7+ Kxf7 19. Qh7+ Ke8 20. Qg8+ Ke7 21. Qg7+ Ke8 22. Rf1 Qb6+ 23. Kh1 Kd8 24. Bc4 Nc6 25. Bxe6 Ne7 26. Qh8+ Kc7 27. Qxh4 Qxb2 28. Qxe7 Qxc3 29. h4 Qh8 30. Rf3 Qa1+ 31. Kh2 Qe5+ 32. g3 Qxe4 33. Rf8 Qe2+ 34. Kg1 Qe1+ 35. Kg2 1/2-1/2

[Event "IECC TH-M-2547"]
[Site "IECC email"]
[Date "2005.06.22"]
[Round "?"]
[White "Cehajic, Mustafa"]
[Black "Sakic, Radislav"]
[Result "0-1"]
[WhiteElo "2289"]
[BlackElo "2242"]
[PlyCount "112"]
[EventDate "2005.??.??"]
[EventType "tourn (corr)"]
[SourceTitle "Corr 2020"]
[Source "ChessBase"]
[SourceDate "2019.09.30"]
[SourceVersion "1"]
[SourceVersionDate "2019.09.30"]
[SourceQuality "1"]
[WhiteTeam "BOS"]
[BlackTeam "SCG"]

1. d4 Nf6 2. c4 g6 3. Nc3 Bg7 4. e4 d6 5. Nf3 0-0 6. Be2 e5 7. 0-0 Nc6 8. d5 Ne7 9. Ne1 Nd7 10. f3 f5 11. Nd3 f4 12. Bd2 c5 13. a4 Nf6 14. a5 g5 15. b4 cxb4 16. Nxb4 h5 17. Qb3 Rf7 18. Nd3 g4 19. c5 Ne8 20. cxd6 Nxd6 21. Nc5 Ng6 22. Ne6 Qh4 23. Nb5 Bf8 24. fxg4 hxg4 25. Be1 Qh6 26. Bxg4 Nxe4 27. d6 Nc5 28. Nxc5 Bxg4 29. a6 bxa6 30. Qd5 Rb8 31. Nxa6 Rb6 32. Nb4 a6 33. Rxa6 Rxa6 34. Nxa6 f3 35. g3 Qh3 36. Rf2 Nf4 37. gxf4 Be6 38. Qxf3 Rg7+ 39. Kh1 Qxf3+ 40. Rxf3 Bd5 41. h4 Bxf3+ 42. Kh2 exf4 43. Nd4 Bg4 44. Nc7 f3 45. Ne8 Rg6 46. h5 Bxd6+ 47. Nxd6 Rxd6 48. Bf2 Bxh5 49. Kg3 Kf7 50. Kf4 Rf6+ 51. Ke3 Kg6 52. Bh4 Rf7 53. Be1 Kg5 54. Kf2 Kf4 55. Ne6+ Kg4 56. Nd4 Ra7 0-1

[Event "IECC CL1-2005.09 email"]
[Site "IECC email"]
[Date "2005.06.17"]
[Round "?"]
[White "Cehajic, Mustafa"]
[Black "Cottegnie, Francis"]
[Result "1/2-1/2"]
[WhiteElo "2278"]
[BlackElo "2264"]
[PlyCount "71"]
[EventDate "2005.??.??"]
[EventType "tourn (corr)"]
[EventRounds "4"]
[SourceTitle "Corr 2015"]
[Source "ChessBase"]
[SourceDate "2015.07.17"]
[SourceVersion "1"]
[SourceVersionDate "2015.07.17"]
[SourceQuality "1"]

1. d4 d5 2. Nf3 e6 3. c4 dxc4 4. e3 Nf6 5. Bxc4 c5 6. 0-0 a6 7. a4 Nc6 8. Qe2 cxd4 9. Rd1 Be7 10. exd4 0-0 11. Nc3 Nd5 12. Ne5 Nxc3 13. bxc3 Nxe5 14. Qxe5 Bd6 15. Qh5 Qc7 16. Bd3 g6 17. Qh4 Qxc3 18. Bh6 Re8 19. Qf6 Bf8 20. Bxf8 Rxf8 21. Be4 Qc7 22. a5 Bd7 23. Rdc1 Bc6 24. Bxc6 bxc6 25. d5 exd5 26. Rxc6 Qb7 27. h4 h5 28. Re1 Rfe8 29. Rxe8+ Rxe8 30. Rxa6 Qc7 31. f4 Qc5+ 32. Kh2 d4 33. Rd6 Qxa5 34. Rd7 Rf8 35. Rxd4 Qc7 36. Re4 1/2-1/2

[Event "IECC CL1-2005.08 email"]
[Site "IECC email"]
[Date "2005.05.18"]
[Round "?"]
[White "Cehajic, Mustafa"]
[Black "Burkow, Natacha Michelle"]
[Result "1-0"]
[WhiteElo "2285"]
[BlackElo "2187"]
[PlyCount "33"]
[EventDate "2005.??.??"]
[EventType "tourn (corr)"]
[EventRounds "4"]
[SourceTitle "Corr 2015"]
[Source "ChessBase"]
[SourceDate "2015.07.17"]
[SourceVersion "1"]
[SourceVersionDate "2015.07.17"]
[SourceQuality "1"]

1. e4 c5 2. Nf3 d6 3. d4 cxd4 4. Nxd4 Nf6 5. Nc3 a6 6. Bg5 e6 7. Qf3 h6 8. Bd2 Nbd7 9. Be2 Ne5 10. Qe3 b5 11. f4 Neg4 12. Qf3 Bb7 13. Ndxb5 axb5 14. Bxb5+ Ke7 15. Qe2 Qb6 16. e5 d5 17. exf6+ 1-0

[Event "IECC CL1-2005.08 email"]
[Site "IECC email"]
[Date "2005.05.18"]
[Round "?"]
[White "Tew, Paul"]
[Black "Cehajic, Mustafa"]
[Result "0-1"]
[WhiteElo "2041"]
[BlackElo "2275"]
[PlyCount "64"]
[EventDate "2005.??.??"]
[EventType "tourn (corr)"]
[EventRounds "4"]
[SourceTitle "Corr 2015"]
[Source "ChessBase"]
[SourceDate "2015.07.17"]
[SourceVersion "1"]
[SourceVersionDate "2015.07.17"]
[SourceQuality "1"]

1. e4 e5 2. f4 exf4 3. Bc4 Nf6 4. Nc3 c6 5. d4 Bb4 6. e5 Ne4 7. Kf1 Bxc3 8. bxc3 Qh4 9. Qf3 Ng3+ 10. hxg3 Qxh1 11. Qxf4 d5 12. Ba3 Qh5 13. Be2 Qf5 14. Bd3 Qxf4+ 15. gxf4 Bg4 16. Rb1 b5 17. Kf2 Nd7 18. Kg3 h5 19. Nh3 g6 20. Bd6 a6 21. Ng5 Nf8 22. Rf1 Ne6 23. Nxe6 Bxe6 24. f5 Bxf5 25. Bxf5 gxf5 26. Rxf5 Rh7 27. Kh4 Kd7 28. Rxh5 Rxh5+ 29. Kxh5 Rg8 30. g4 a5 31. Bc5 Rh8+ 32. Kg5 Rh3 0-1

[Event "IECC CL1-2005.07 email"]
[Site "IECC email"]
[Date "2005.04.17"]
[Round "?"]
[White "Cehajic, Mustafa"]
[Black "Dantas, Roberto"]
[Result "1-0"]
[WhiteElo "2277"]
[BlackElo "2149"]
[PlyCount "133"]
[EventDate "2005.??.??"]
[EventType "tourn (corr)"]
[EventRounds "4"]
[SourceTitle "Corr 2015"]
[Source "ChessBase"]
[SourceDate "2015.07.17"]
[SourceVersion "1"]
[SourceVersionDate "2015.07.17"]
[SourceQuality "1"]

1. d4 Nf6 2. c4 e6 3. Nc3 Bb4 4. e3 0-0 5. Bd3 d5 6. Nf3 c5 7. 0-0 Nc6 8. a3 Bxc3 9. bxc3 dxc4 10. Bxc4 Qc7 11. Bd3 e5 12. Qc2 Re8 13. Nxe5 Nxe5 14. dxe5 Qxe5 15. f3 Be6 16. Re1 Rad8 17. Rb1 Qd5 18. Bb5 Bd7 19. Bxd7 Nxd7 20. e4 Qc6 21. Rd1 Nb6 22. Bf4 Rxd1+ 23. Rxd1 Nc4 24. Qb3 Qa6 25. Rd7 b5 26. Rc7 Qb6 27. Qd1 Qf6 28. Qc1 a6 29. Rxc5 Qb6 30. Be3 Qa5 31. Bd4 f6 32. Rc6 Ra8 33. Qf4 Rd8 34. h4 Qxa3 35. Qf5 Qf8 36. Rxa6 Qe8 37. h5 h6 38. Ra7 Ne5 39. f4 Nf7 40. Qg6 Rd6 41. g4 Qf8 42. Kg2 b4 43. Bc5 Rd2+ 44. Kf3 Nh8 45. Qh7+ Kxh7 46. Bxf8 Nf7 47. cxb4 Kg8 48. Bc5 Rc2 49. Ra8+ Kh7 50. Rf8 Rc3+ 51. Ke2 Ng5 52. fxg5 hxg5 53. Re8 Rb3 54. e5 fxe5 55. Rxe5 Kh6 56. Re6+ Kh7 57. Rg6 Kg8 58. Rxg5 Kf7 59. Kd2 Kf6 60. Rg6+ Kf7 61. Kc2 Rh3 62. b5 Rh2+ 63. Kd3 Rh1 64. Bd4 Rd1+ 65. Kc4 Kf8 66. Kd5 Rb1 67. b6 1-0

[Event "IECC CL1-2005.06 email"]
[Site "IECC email"]
[Date "2005.04.04"]
[Round "?"]
[White "Cehajic, Mustafa"]
[Black "Westin, Ake"]
[Result "0-1"]
[WhiteElo "2282"]
[BlackElo "2097"]
[PlyCount "98"]
[EventDate "2005.??.??"]
[EventType "tourn (corr)"]
[EventRounds "4"]
[SourceTitle "Corr 2015"]
[Source "ChessBase"]
[SourceDate "2015.07.17"]
[SourceVersion "1"]
[SourceVersionDate "2015.07.17"]
[SourceQuality "1"]

1. e4 e6 2. d4 d5 3. Nc3 Bb4 4. Bd3 dxe4 5. Bxe4 Nf6 6. Bd3 c5 7. a3 Bxc3+ 8. bxc3 Qc7 9. Nf3 c4 10. Be2 0-0 11. 0-0 Nbd7 12. a4 a5 13. Ba3 Re8 14. Nd2 Nb6 15. Bc5 Nfd5 16. Ne4 Bd7 17. Bxb6 Nxb6 18. Nc5 Bc6 19. Re1 Nd7 20. Nxd7 Bxd7 21. Bf3 Rab8 22. Qb1 b5 23. axb5 Rxb5 24. Qa2 Reb8 25. g3 h6 26. Bg2 g6 27. h4 e5 28. Rxe5 Rxe5 29. dxe5 Rb5 30. f4 Qc5+ 31. Kh2 Bc6 32. Bxc6 Qxc6 33. Rd1 Qe4 34. Rd2 Rd5 35. Rxd5 Qxd5 36. Qa4 Kg7 37. e6 Qd2+ 38. Kh3 Qe1 39. Kg2 Qe2+ 40. Kg1 Qf3 41. Qxc4 Qxg3+ 42. Kf1 Qh3+ 43. Ke2 Qxe6+ 44. Qxe6 fxe6 45. c4 Kf6 46. c5 Ke7 47. Kd2 a4 48. Kc3 Kd8 49. Kb4 e5 0-1

[Event "IECC CL1-2005.06 email"]
[Site "IECC email"]
[Date "2005.04.04"]
[Round "?"]
[White "Dantas, Roberto"]
[Black "Cehajic, Mustafa"]
[Result "0-1"]
[WhiteElo "2179"]
[BlackElo "2273"]
[PlyCount "86"]
[EventDate "2005.??.??"]
[EventType "tourn (corr)"]
[EventRounds "4"]
[SourceTitle "Corr 2015"]
[Source "ChessBase"]
[SourceDate "2015.07.17"]
[SourceVersion "1"]
[SourceVersionDate "2015.07.17"]
[SourceQuality "1"]

1. e4 e5 2. Nf3 Nc6 3. Bb5 a6 4. Ba4 Nf6 5. 0-0 Nxe4 6. d4 b5 7. Bb3 d5 8. dxe5 Be6 9. Nbd2 Nc5 10. c3 Nxb3 11. Nxb3 Be7 12. Nfd4 Nxd4 13. Re1 Nxb3 14. axb3 c5 15. Qc2 0-0 16. Be3 d4 17. Red1 Qc8 18. cxd4 cxd4 19. Qxc8 Rfxc8 20. Rxd4 Rc2 21. Rd2 Rxd2 22. Bxd2 Bxb3 23. h3 Rd8 24. Be3 Rd1+ 25. Rxd1 Bxd1 26. f4 a5 27. Kf2 b4 28. Ke1 Bb3 29. Kd2 Bh4 30. Kd3 Bd5 31. g4 a4 32. Bc5 b3 33. Ba3 Bg2 34. Ke3 h6 35. Bd6 Bxh3 36. Kf3 f5 37. exf6 Bxf6 38. Ba3 Kf7 39. f5 Be7 40. Bxe7 Kxe7 41. Kg3 Bf1 42. Kf4 a3 43. f6+ gxf6 0-1

[Event "IECC TH-M-2530"]
[Site "IECC email"]
[Date "2005.03.10"]
[Round "?"]
[White "Cehajic, Mustafa"]
[Black "Kiese, Matt"]
[Result "0-1"]
[WhiteElo "2282"]
[BlackElo "2301"]
[PlyCount "70"]
[EventDate "2005.??.??"]
[EventType "tourn (corr)"]
[SourceTitle "Corr 2020"]
[Source "ChessBase"]
[SourceDate "2019.09.30"]
[SourceVersion "1"]
[SourceVersionDate "2019.09.30"]
[SourceQuality "1"]
[WhiteTeam "BOS"]
[BlackTeam "Germany"]
[BlackTeamCountry "GER"]

1. d4 d5 2. c4 Nc6 3. Nf3 Nf6 4. cxd5 Qxd5 5. Nc3 Qa5 6. e3 e6 7. Bd2 Qf5 8. Bb5 Bd7 9. Qe2 a6 10. Bd3 Qh5 11. e4 e5 12. d5 Nb4 13. Bb1 a5 14. Nb5 Na6 15. Bxa5 c6 16. dxc6 bxc6 17. Na3 Bxa3 18. bxa3 Nc5 19. Bc3 Bg4 20. Qe3 Bxf3 21. Qxf3 Qxf3 22. gxf3 Nfd7 23. f4 f6 24. fxe5 fxe5 25. 0-0 Ne6 26. Rd1 c5 27. Bd3 Nd4 28. Bb2 Ke7 29. Kg2 Rhb8 30. Rab1 Nf8 31. Bc4 Nfe6 32. Kh1 Nf4 33. Bb3 g5 34. a4 Rc8 35. Bc1 c4 0-1

[Event "TH-S-0108"]
[Site "IECC email"]
[Date "2005.03.10"]
[Round "?"]
[White "Pessoa, Francisco"]
[Black "Cehajic, Mustafa"]
[Result "1-0"]
[WhiteElo "2372"]
[BlackElo "2297"]
[PlyCount "58"]
[EventDate "2005.??.??"]
[EventType "tourn (corr)"]
[SourceTitle "Corr 2020"]
[Source "ChessBase"]
[SourceDate "2019.09.30"]
[SourceVersion "1"]
[SourceVersionDate "2019.09.30"]
[SourceQuality "1"]
[WhiteTeam "Portugal"]
[BlackTeam "BOS"]
[WhiteTeamCountry "POR"]

1. e4 c5 2. Nf3 d6 3. d4 cxd4 4. Nxd4 Nf6 5. Nc3 g6 6. Be3 Bg7 7. f3 0-0 8. Qd2 Nc6 9. Bc4 Na5 10. Bd3 a6 11. 0-0-0 b5 12. Kb1 Bb7 13. h4 Rc8 14. h5 e5 15. Nde2 Qc7 16. a3 Rfd8 17. Bg5 Rd7 18. Qe1 Nxh5 19. g4 Nf6 20. Qh4 Qd8 21. f4 h6 22. Bxh6 Nh7 23. g5 Qf8 24. Qg4 Rcd8 25. f5 Nc4 26. Bxc4 bxc4 27. Ng3 d5 28. Bxg7 Qxg7 29. exd5 Rd6 1-0